Cours de langue et de civilisation francaises

שמור ב:
מידע ביבליוגרפי
מחבר ראשי: Mauger, G.
פורמט: ספר
שפה:Undetermined
יצא לאור: París, Francia Hachette 1965
נושאים:
תגים: הוספת תג
אין תגיות, היה/י הראשונ/ה לתייג את הרשומה!

MARC

LEADER 00000nam a2200000Ia 4500
008 170316s9999 xx 000 0 und d
090 |a 415-F M-5c 
100 |a Mauger, G. 
245 |a Cours de langue et de civilisation francaises 
260 |a París, Francia 
260 |b Hachette 
260 |c 1965 
300 |a 230 páginas Tomo I 
650 |a GRAMÁTICA FRANCESA 
999 |c 19231  |d 19231 
040 |a cru BVZT 
942 |c 15 D  |h 415-F M-5c  |2 z